Multiple-Choice-Stadtquiz Gütersloh - Statistiken

Allgemein
  • Dieses Quiz wurde 50 mal gespielt
  • Das Durchschnittsergebnis liegt bei 6 aus 10
Antwortstatistiken
Frage Antwort % Korrekt
Wie nennt man die Region in der Gütersloh liegt? Ostwestfalen-Lippe
95%
In welchem Regierubgsbezirk liegt Gütersloh? Detmold
93%
Welche ist die nächste Großstadt? Bielefeld
88%
Welche Firma hat einen großen Standort hier? Bertelsmann
72%
Welche ist eine der berühnten Sehenswürdigkeiten Güterslohs? Stadtpark und Botanischer Garten Gütersloh
72%
Welche wichtige Bahnstrecke führt durch Gütersloh (nimm die wichtigste)? Hamm-Minden
67%
Was befindet sich im Stadtmuseum Gütersloh? Pavenstädter Riesenbecher
51%
Zu welchem Territorium gehörte Gütersloh vor Preußen? Grafschaft Ravensberg
42%
Welcher Fluss fließt am Gütersloher Flughafen lang? Ems
40%
Gütersloh war Sitz von was während Napoleon es besetzte? Mairie
19%
Keine übereinstimmenden Quizze gefunden
Verteilung der Resultate
Anzahl Personen mit jedem Resultat
Perzentil nach korrekt beantworteten Fragen
Ihre Resultats-Entwicklung
Sie haben dieses Quiz noch nicht gespielt